| 000 | 00517nam a22001937a 4500 | ||
|---|---|---|---|
| 003 | KOHA_MİRAKIL | ||
| 005 | 20240930101020.0 | ||
| 008 | 240929b2016 tu ||||| |||| 00| 0 tur d | ||
| 020 | _a9786056665851 | ||
| 040 |
_aTR-AnABB _btur _cTR-AnABB |
||
| 041 | _atur | ||
| 082 |
_a297.8 _bGUN 2016 |
||
| 100 | _aGünseli, Bahar. | ||
| 245 | 0 |
_aTasavvufun ustaları / _cBahar Günseli. |
|
| 260 |
_aAnkara : _bVamos Yayınları, _c2016. |
||
| 300 |
_a201 sayfa ; _c20 cm. |
||
| 650 | _aİslam tasavvufu | ||
| 942 |
_2ddc _cBK |
||
| 999 |
_c2350 _d2350 |
||